Premio de Poesía Pedro Mir / (Registro nro. 13586)

Detalles MARC
000 -LIDER
fixed length control field 01069nam a2200325 a 4500
001 - NÚMERO DE CONTROL
Identificador de número de control 000043537
003 - IDENTIFICACDOR DE NÚMERO DE CONTROL
control field DO-SdBNP
005 - DATE AND TIME OF LATEST TRANSACTION
control field 20210720130011.0
008 - ELEMENTOS DE LONGITUD FIJA
fixed length control field 140324s2010 dr r 000 j spa d
020 ## - ISBN
International Standard Book Number 9789945412413
040 ## - FUENTE DE CATALOGACIÓN
Agencia que crea de manera original el registro BPMSU
Idioma de catalogación spa
Agencia que realiza la transcripción BPMSU
082 ## - NÚMERO DE CLASIFICACIÓN DECIMAL DE DEWEY
Classification number RD861.08
Item number P925p, 2009
Edition number 22
111 2# - ASIENTO PRINCIPAL--NOMBRE DE REUNIÓN O CONFERENCIA
Nombre de reunión o jurisdicción como elemento de entrada Premios Funglode Poesía
Fecha de la reunión (2009 :
Lugar de la reunión Santo Domingo)
245 10 - MENCIÓN DE TITULO
Título Premio de Poesía Pedro Mir /
Mención de responsabilidad Eloy Alberto Tejera ; coordinador editorial Elaine Hernández
246 13 - VARIACION DEL TÍTULO
Título propiamente dicho o título corto Fondo Negro
260 ## - PUBLICACIÓN, DISTRIBUCIÓN, ETC. (PIE DE IMPRENTA)
Lugar de publicación, distribución, etc Santo Domingo :
Nombre del editor, distribuidor, etc. FUNGLODE,
Fecha de publicación, distribución, etc 2010
300 ## - DESCRIPCIÓN FÍSICA
Extensión 73 p. ;
Dimensiones 26 cm.
490 0# - MENCIÓN DE SERIES
Mención de serie Premios Funglode/GFDD 2009
500 ## - NOTA GENERAL
Nota general Premio único Eloy Alberto Tejera
586 ## - AWARDS NOTE
Awards note Premios FUNGLODE, 2009
590 ## - NOTA LOCAL
Texto de la nota local Inventariado, 2021/VM
650 #4 - ENCABEZAMIENTO DE MATERIA--TEMÁTICO
Término temático o nombre geográfico como elemento de entrada Poesía dominicana
650 #0 - ENCABEZAMIENTO DE MATERIA--TEMÁTICO
Término temático o nombre geográfico como elemento de entrada Literatura dominicana.
650 #4 - ENCABEZAMIENTO DE MATERIA--TEMÁTICO
Término temático o nombre geográfico como elemento de entrada Premios literarios
650 #4 - ENCABEZAMIENTO DE MATERIA--TEMÁTICO
Término temático o nombre geográfico como elemento de entrada Certámenes literarios
700 1# - ASIENTO SECUNDARIO -- NOMBRE PERSONAL
Nombre personal Tejada, Eloy Alberto
Título de una obra Fondo negro
710 2# - ASIENTO SECUNDARIO -- NOMBRE CORPORATIVO
Nombre corporativo o de jurisdicción Fundación Global Democracía y Desarrollo (República Dominicana)
910 ## - VALIDACIÓN
Validación VMateo
942 ## - ADDED ENTRY ELEMENTS (KOHA)
Source of classification or shelving scheme Dewey Decimal Classification
Koha item type Libros
Existencias
Withdrawn status Lost status Source of classification or shelving scheme Damaged status Not for loan Collection code Home library Current library Date acquired Source of acquisition Full call number Barcode Date last seen Price effective from Koha item type
    Dewey Decimal Classification     Colección Dominicana Biblioteca Pública Metropolitana Salomé Ureña Biblioteca Pública Metropolitana Salomé Ureña 07/20/2021 FUNGLODE BPMSU CD RD861.08 P925p, 2009 BPMSU21070025 07/20/2021 07/20/2021 Libros